书目信息 |
| 题名: |
室内设计
|
|
| 作者: | 刘永东 编著 | |
| 分册: | ||
| 出版信息: | 长沙 中南大学出版社 2005.08 |
|
| 页数: | 132页 | |
| 开本: | 26cm | |
| 丛书名: | ||
| 单 册: | ||
| 中图分类: | TU238 | |
| 科图分类: | ||
| 主题词: | 室内设计--shi nei she ji--基本知识 | |
| 电子资源: | ||
| ISBN: | 7-81105-194-X | |
| 000 | 00913nam0 2200265 450 | |
| 001 | 012006298600 | |
| 005 | 20060912164737.45 | |
| 010 | @a7-81105-194-X@dCNY28.00 | |
| 100 | @a20060623d2005 km y0chiy0120 ea | |
| 101 | 0 | @achi |
| 102 | @aCN@b430000 | |
| 105 | @aa a 000yy | |
| 200 | 1 | @a室内设计@Ashi nei she ji@f刘永东编著@Fliu yong dong bian zhu |
| 210 | @a长沙@c中南大学出版社@d2005.08 | |
| 215 | @a132页@c图@d26cm | |
| 300 | @a现代艺术设技系列教材 | |
| 312 | @a英文题名取自封底 | |
| 320 | @a有书目 (第124页) | |
| 330 | @a本书探讨了现代室内设计活动应遵循什么样的设计原则、应采取什么样的合理方法与步骤来完成室内空间的功能和审美再造、室内空间环境的整体营造应如何来满足人的所有需求等问题。 | |
| 510 | 1 | @aIn the room@zeng |
| 606 | 0 | @a室内设计@Ashi nei she ji@x基本知识 |
| 690 | @aTU238@v4 | |
| 701 | 0 | @a刘永东@Aliu yong dong@4编著 |
| 801 | 0 | @aCN@bQSSK@c20060912 |
| 905 | @a10447@dTU238@eL710 | |
| 室内设计/刘永东编著.-长沙:中南大学出版社,2005.08 |
| 132页:图;26cm |
| 现代艺术设技系列教材 |
| ISBN 7-81105-194-X:CNY28.00 |
| 本书探讨了现代室内设计活动应遵循什么样的设计原则、应采取什么样的合理方法与步骤来完成室内空间的功能和审美再造、室内空间环境的整体营造应如何来满足人的所有需求等问题。 |
| ● |
| 相关链接 |
|
|
|
正题名:室内设计
索取号:TU238/L710
 
预约/预借
| 序号 | 登录号 | 条形码 | 馆藏地/架位号 | 状态 | 备注 |
| 1 | 590542 | 205905421 | 建筑库101/101建筑库 49排4列4层/ [索取号:TU238/L710] | 在馆 | |
| 2 | 590543 | 205905430 | 建筑库101/101建筑库 49排4列4层/ [索取号:TU238/L710] | 在馆 | |
| 3 | 590544 | 205905449 | 建筑库101/101建筑库 49排4列4层/ [索取号:TU238/L710] | 在馆 |